KOHA-Header-6

Hooked On Java (Record no. 9334)

000 -LEADER
fixed length control field 00252nam a2200109Ia 4500
100 ## - MAIN ENTRY--AUTHOR NAME
Personal name Hoff, Arthur Van
245 #0 - TITLE STATEMENT
Title Hooked On Java
260 ## - PUBLICATION, DISTRIBUTION, ETC. (IMPRINT)
Place of publication New Delhi
Name of publisher Addison
Year of publication 2001
300 ## - PHYSICAL DESCRIPTION
Number of Pages 2002
942 ## - ADDED ENTRY ELEMENTS (KOHA)
Koha item type Books
Holdings
Withdrawn status Lost status Collection code Permanent Location Current Location Shelving location Date acquired Full call number Accession Number Koha item type
    Computer Languages MAJU MAJU Shelf No.A18 2019-09-14 332.64 4940 Computer Languages

Powered by Koha